Normal view
MARC view
- Simons, Maarten
Entry Nombre Personal
001 - NUMERO DE CONTROL
- campo de control: 53540
003 - IDENTIFICADOR DE NUMERO DE CONTROL
- campo de control: DLC
005 - FECHA Y HORA DE LA ÜLTIMA TRANSACCIÓN
- campo de control: 20240911151832.0
008 - DATOS DE LONGITUD FIJA
- campo de control de longitud fija: 240911|| aca||aabn | aaa d
010 ## - NÚMERO DE CONTROL DE LA BIBLIOTECA DEL CONGRESO
- Número de control LC: no2010102139
035 ## - NUMERO DE CONTROL
- Número de control: (OCoLC)oca08537104
040 ## - FUENTE DE CATALOGACIÓN
- Agencia original de catalogación: TxCM
- Lenguaje de catalogación: spa
- Agencia de transcripción: TxCM
- Agencia que lo modifica: MX-MxUPN
100 1# - ENCABEZAMIENTO - NOMBRE PERSONAL
- Nombre personal: Simons, Maarten
670 ## - FUENTE EN LA QUE SE LOCALIZARON DATOS
- Cita de la fuente: Autoridades LC, 11 septiembre 2024 :
- Información localizada: (Simons, Maarten)
- Uniform Resource Identifier: https://lccn.loc.gov/no2010102139
902 ## - CATALOGADOR
- Catalogador: MaríaRobles/110924
